[Event "Mittelrhein Verbandsliga-M 1112"]
[Site "Germany"]
[Date "2012.03.18"]
[Round "8.8"]
[White "Kohns, Norbert"]
[Black "D'Abramo, Daniel"]
[Result "1-0"]
[WhiteElo "1799"]
[BlackElo "1887"]
[PlyCount "57"]
[EventDate "2011.09.18"]
[EventType "team-tourn"]
[EventRounds "11"]
[EventCountry "GER"]
[SourceTitle "EXT 2013"]
[Source "ChessBase"]
[SourceDate "2012.11.22"]
[SourceVersion "1"]
[SourceVersionDate "2012.11.22"]
[SourceQuality "1"]
[WhiteTeam "Rheinbacher SF II"]
[BlackTeam "Koeln Lasker II"]
[WhiteTeamCountry "GER"]
[BlackTeamCountry "GER"]

1. c4 Nf6 2. Nc3 c5 3. g3 d5 4. cxd5 Nxd5 5. Qb3 Nxc3 6. Qxc3 e6 7. Bg2 Nd7 8. b3 Be7 9. Rb1 Bf6 10. Qc2 Rb8 11. Nf3 b6 12. d3 Bb7 13. 0-0 0-0 14. Nd2 Ne5 15. Ne4 Be7 16. Bb2 Nc6 17. Qc3 f6 18. Qc4 Qd7 19. Rfe1 Kh8 20. Bh3 f5 21. Nd2 Nb4 22. a3 Qc6 23. Nf3 Ba6 24. Qc3 Bf6 25. Ne5 Qd6 26. axb4 cxb4 27. Qd4 Qxd4 28. Bxd4 Rfd8 29. Nf7+ 1-0